000 01698nam a22004217a 4500
001 000107168
003 CHAP
005 20220817044534.0
008 120814s2010 mx r 00010 spa d
010 _a103630
011 _a104602
020 _a9789292483081
035 _a115292
040 _cCHAP
082 0 4 _a338.10972
_bH11
110 2 _aInstituto Interamericano de Cooperación para la Agricultura
245 1 0 _aHacia la consolidación de un sistema mexicano de innovación agroalimentaria /
_c/coordinado por Leticia Deschamps Solórzano y Gabriela Escamilla Caamal.
260 _aMéxico, D.F. :
_bInstituto Interamericano de Cooperación para la Agricultura,
_c2010.
300 _a462 p. :
_bilus., gráfs., cuadros.
590 _aBATCH-UPD
_b10
_c20130110
_lUCH01
_h1149
590 _aBATCH-UPD
_b10
_c20130410
_lUCH01
_h0734
590 _aBATCH-UPD
_b10
_c20130914
_lUCH01
_h0058
590 _aCONVERSION
_b10
_c20130109
_lUCH01
_h1357
590 _aE5995AHE
_b05
_c20150410
_lUCH01
_h1122
590 _aE5995AHE
_b05
_c20150410
_lUCH01
_h1123
650 1 4 _aAgricultura
_xInnovaciones tecnologicas
_zMexico.
_91571
650 1 4 _aAgricultura
_xTransferencia de tecnología.
_91885
650 1 4 _aAlimentos
_xIndustria.
_94227
650 1 4 _aNutrición
_xInvestigación.
_982260
700 1 _aDeschamps Solórzano, Leticia
_e, coord.
_932116
700 1 _aEscamilla Caamal, Gabriela
_937432
710 0 _aInstituto Interamericano de Cooperación para la Agricultura.
901 _aBK
942 _cLIBRO
942 _n0
949 _a338.10972 H11
_bBC
_cLIBRO
_d33724002345462
_eLIBRO
_fc.2
_h117279
_i115292
_st
949 _a338.10972 H11
_bBC
_cLIBRO
_d33724002345504
_eLIBRO
_h117278
_i115292
_st
999 _c103630
_d103630